[Event "IECC CL4-2000.03"]
[Site "IECC email"]
[Date "1999.11.11"]
[Round "?"]
[White "Starzykiewicz, Dawid"]
[Black "Torwong, Peerapol"]
[Result "0-1"]
[WhiteElo "1630"]
[BlackElo "1775"]
[PlyCount "50"]
[EventDate "2000.??.??"]
[EventType "tourn (corr)"]
[EventRounds "4"]
[SourceTitle "Corr 2008"]
[Source "ChessBase"]
[SourceDate "2008.06.24"]
[SourceVersion "1"]
[SourceVersionDate "2008.06.24"]
[SourceQuality "1"]

1. d4 Nf6 2. c4 e6 3. Nf3 c5 4. d5 b5 5. Bg5 Qa5+ 6. Qd2 Qxd2+ 7. Nbxd2 Na6 8. e4 Nb4 9. Kd1 Ng4 10. Bh4 Be7 11. Bg3 bxc4 12. h3 Nf6 13. e5 Nfxd5 14. Bxc4 Ba6 15. Bxa6 Nxa6 16. Nc4 0-0 17. Kd2 Nab4 18. Rhd1 f6 19. b3 fxe5 20. Bxe5 a5 21. a3 Nc6 22. Bg3 a4 23. bxa4 Rxa4 24. Kd3 Rfa8 25. Rab1 Nf6 0-1

[Event "IECC CL4-1999.38"]
[Site "IECC email"]
[Date "1999.10.11"]
[Round "?"]
[White "Starzykiewicz, Dawid"]
[Black "Flores, Luis"]
[Result "0-1"]
[WhiteElo "1628"]
[BlackElo "1768"]
[PlyCount "45"]
[EventDate "1999.??.??"]
[EventType "tourn (corr)"]
[EventRounds "4"]
[SourceTitle "Corr 2008"]
[Source "ChessBase"]
[SourceDate "2008.06.24"]
[SourceVersion "1"]
[SourceVersionDate "2008.06.24"]
[SourceQuality "1"]

1. d4 Nf6 2. c4 c5 3. d5 b5 4. cxb5 a6 5. Nc3 axb5 6. e4 Qa5 7. Bxb5 Nxe4 8. Nge2 Ba6 9. Qd3 Nxc3 10. Nxc3 g6 11. 0-0 Bg7 12. Bxa6 Nxa6 13. Qe4 Rb8 14. Re1 e6 15. a3 0-0 16. Re3 Nb4 17. dxe6 fxe6 18. Rh3 Bd4 19. Bf4 Nc2 20. Bxb8 Nxa1 21. Bf4 Qb6 22. Bh6 Rxf2 23. Qa8+ 0-1

[Event "IECC CL4-1999.18"]
[Site "IECC email"]
[Date "1999.04.11"]
[Round "?"]
[White "Lacey, Edward"]
[Black "Starzykiewicz, Dawid"]
[Result "1-0"]
[WhiteElo "1802"]
[BlackElo "1636"]
[PlyCount "87"]
[EventDate "1999.??.??"]
[EventType "tourn (corr)"]
[EventRounds "4"]
[SourceTitle "Corr 2008"]
[Source "ChessBase"]
[SourceDate "2008.06.24"]
[SourceVersion "1"]
[SourceVersionDate "2008.06.24"]
[SourceQuality "1"]

1. e4 e6 2. d4 d5 3. Nc3 Nf6 4. Bg5 dxe4 5. Nxe4 Be7 6. Bxf6 gxf6 7. Nf3 b6 8. Bc4 Bb7 9. Qe2 Nd7 10. 0-0-0 c6 11. Rhe1 Qc7 12. Kb1 0-0-0 13. Ba6 Rhg8 14. Bxb7+ Kxb7 15. g3 f5 16. Ned2 h5 17. Ne5 Nxe5 18. dxe5 h4 19. Qh5 hxg3 20. hxg3 Bc5 21. Qe2 Rd5 22. Nb3 Bf8 23. Rxd5 cxd5 24. Rh1 Bg7 25. f4 Bf8 26. Qf3 f6 27. Nd4 fxe5 28. Nxe6 Qd6 29. Rh7+ Kb8 30. Nxf8 Rxf8 31. Qe2 b5 32. Qxb5+ Qb6 33. Qxb6+ axb6 34. fxe5 Re8 35. Kc1 Rxe5 36. Kd2 d4 37. Rh4 Re3 38. g4 fxg4 39. Rxg4 Kb7 40. Rxd4 Rh3 41. c4 Kc6 42. Rd5 Rg3 43. Kc2 Rh3 44. a4 1-0

[Event "IECC Trio 713 email"]
[Site "IECC email"]
[Date "1999.03.28"]
[Round "?"]
[White "Starzykiewicz, Dawid"]
[Black "Rutten, Henk PJ"]
[Result "0-1"]
[WhiteElo "1618"]
[BlackElo "1731"]
[PlyCount "86"]
[EventDate "1999.??.??"]
[EventType "tourn (corr)"]
[EventRounds "4"]
[SourceTitle "Corr 2008"]
[Source "ChessBase"]
[SourceDate "2008.06.24"]
[SourceVersion "1"]
[SourceVersionDate "2008.06.24"]
[SourceQuality "1"]

1. d4 d5 2. c4 c6 3. cxd5 cxd5 4. Nc3 Nf6 5. Nf3 Nc6 6. Bf4 Bf5 7. e3 e6 8. Bb5 Nd7 9. Bd3 Bxd3 10. Qxd3 Rc8 11. 0-0 Be7 12. Rac1 0-0 13. Ne2 Qb6 14. Qb1 Rfd8 15. Bg5 Nf6 16. Nf4 Re8 17. Bh4 Rc7 18. Ng5 Ne4 19. Nxe4 Bxh4 20. Ng3 Rec8 21. Rc5 Be7 22. Rc3 Bb4 23. Rc2 Bd6 24. Nd3 Bxg3 25. hxg3 Nxd4 26. Rxc7 Ne2+ 27. Kh1 Qxc7 28. Qe1 Qc2 29. Qb1 d4 30. exd4 Qd2 31. Nf4 Nxf4 32. gxf4 Qxf4 33. Qd3 Rd8 34. Qb5 b6 35. Qa4 a5 36. Qc6 Qxd4 37. Qc7 a4 38. Rc1 b5 39. Qe7 Rf8 40. Rc7 Qxf2 41. Rd7 Qxb2 42. Rd8 Qc1+ 43. Kh2 Qh6+ 0-1

[Event "IECC Quad-637 email"]
[Site "IECC email"]
[Date "1998.10.31"]
[Round "?"]
[White "Burlant, Richard"]
[Black "Starzykiewicz, Dawid"]
[Result "1-0"]
[WhiteElo "2104"]
[BlackElo "1785"]
[PlyCount "39"]
[EventDate "1998.??.??"]
[EventType "tourn (corr)"]
[EventRounds "6"]
[SourceTitle "Corr 2008"]
[Source "ChessBase"]
[SourceDate "2008.06.24"]
[SourceVersion "1"]
[SourceVersionDate "2008.06.24"]
[SourceQuality "1"]

1. e4 e6 2. d4 d5 3. Nc3 Nf6 4. Bg5 dxe4 5. Nxe4 Be7 6. Bxf6 gxf6 7. Nf3 b6 8. Bc4 Bb7 9. Qe2 Nd7 10. 0-0-0 c6 11. Rhe1 Qc7 12. g4 Qf4+ 13. Qe3 Qxg4 14. Rg1 Qf5 15. Rg7 Nf8 16. d5 Bc8 17. d6 Bd8 18. d7+ Bxd7 19. Nd6+ Ke7 20. Rxf7# 1-0

[Event "IECC CL3-1998.29"]
[Site "IECC email"]
[Date "1998.10.31"]
[Round "?"]
[White "Starzykiewicz, Dawid"]
[Black "Rego, Sandro da Silva"]
[Result "0-1"]
[WhiteElo "1716"]
[BlackElo "1971"]
[PlyCount "58"]
[EventDate "1998.??.??"]
[EventType "tourn (corr)"]
[EventRounds "4"]
[SourceTitle "Corr 2008"]
[Source "ChessBase"]
[SourceDate "2008.06.24"]
[SourceVersion "1"]
[SourceVersionDate "2008.06.24"]
[SourceQuality "1"]

1. d4 Nf6 2. c4 d6 3. Nc3 g6 4. e4 Bg7 5. f3 0-0 6. Nge2 Nc6 7. Be3 a6 8. g4 e5 9. d5 Ne7 10. Qd2 Ne8 11. Ng3 f5 12. gxf5 gxf5 13. f4 Ng6 14. 0-0-0 exf4 15. Bxf4 Nxf4 16. Qxf4 fxe4 17. Qxe4 Nf6 18. Qc2 Ng4 19. Rd2 Bh6 20. Bd3 Bxd2+ 21. Kxd2 Qg5+ 22. Ke1 Qe3+ 23. Nge2 Rf7 24. Rg1 Bd7 25. Ne4 Raf8 26. h4 Rf3 27. Ng5 Rf1+ 28. Rxf1 Rxf1+ 29. Kxf1 Qf2# 0-1